Countries With Overseas Territories - Statistics

General Stats
  • This quiz has been taken 60 times
    27 since last reset
  • The average score is 17 of 19
Answer Stats
Hint Answer % Correct
GreenlandFaroe islands Denmark
100%
___ GuianaGuadeloupe Martinique Mayotte New Caledonia ___ Polynesia Saint Martin Saint Barthélemy Saint Pierre and Miquelon Wallis and Futuna TAAF ___ Southern and antarctic lands Clipperton island France
100%
SvalbardJan mayen Bouvet Island Queen Maud Land Peter I Island Norway
100%
Kaliningrad Russia
100%
AnguillaBermuda ___ Antarctic Territory ___ Indian Ocean Territory ___ Virgin Islands Cayman Islands Falkland Islands Gibraltar Montserrat Pitcairn islands Saint Helena, Ascension and Tristan da Cunha South Georgia and the South Sandwich Islands Akrotiri and Dhekelia Turks and Caicos United Kingdom
100%
Puerto RicoGuam ___ Samoa ___ Virgin Islands Northern Mariana Islands Minor Outlying Islands United States
100%
Cocos (Keeling) islandsNorfolk island Christmas Island Ashmore and Cartier Islands Coral Sea Islands Territory Heard Island and McDonald Islands ___ Antarctic Territory Australia
96%
ArubaCuraçao
Sint Maarten
Bonaire Sint Eustatius Saba
Netherlands
96%
TokelauNiue Cook islands Ross Dependency New Zealand
96%
Ceuta and MelillaCanary Islands Spain
96%
MacaoHong Kong China
91%
AzoresMadeira Portugal
91%
Rapa Nui___ Antartic territory Chile
87%
Galápagos Islands Ecuador
87%
Åland Finland
87%
parts of the Western Sahara Morocco
87%
Andaman and Nicobar IslandsLakshadweep India
83%
Antarctica Argentina
78%
Marion Island and Prince Edward Island South africa
39%
No matching quizzes found
Score Distribution
Percent of People with Each Score
Percentile by Number Answered
Your Score History
You have not taken this quiz since the last reset